| 000 | 01544 a2200241 4500 | ||
|---|---|---|---|
| 001 | 127311 | ||
| 020 | _a9788532515827 | ||
| 040 | _cEscola Canadense de Niteroi | ||
| 090 | _aGOR | ||
| 100 | _aGordon, Noah | ||
| 245 | 1 | 0 | _aSam e outros contos de animais |
| 250 | _a1. ed. | ||
| 260 | _aRio de Janeiro | ||
| 300 |
_a71 p. _bil. _c0 x 29.00 cm (brochura) |
||
| 362 | 0 | _a2004 | |
| 520 | _aO Sam que dá título ao livro é uma tartaruga, que morava na caixa de madeira que ficava embaixo da macieira no quintal da família Gordon. Michael, o filho mais novo de Noah, adorava o animal e o tratava com todo o carinho. Sam hibernava no inverno. Na primeira primavera, antes que acordasse de seu sono profundo, o menino achou que havia perdido o seu bichinho de estimação de vez. Toda encolhida dentro de seu casco, a tartaruga não dava sinal de vida. Levou muito tempo para que acordasse. "Eu me lembro claramente do alívio que senti quando vi sua cabeça emergir", diz Michael Gordon. A família conversava muito sobre o bem-estar de Sam e chegou um dia em que chegaram a um acordo de devolvê-la ao rio. "Sentiria muito a falta dela, mas já tão jovem eu havia aprendido que era errado forçar um animal selvagem a viver em cativeiro. Graças à história, minha filha Sara pôde aprender todas essas lições também", explica. | ||
| 650 | 4 | _aHistórias Curtas | |
| 650 | 4 | _aLiteratura Infantil | |
| 650 | 4 | _aMitos, Fábulas ou Contos | |
| 650 | 4 | _aRelações entre Pessoas e Animais | |
| 650 | 4 | _aColetânea | |
| 942 | _cBK | ||
| 999 |
_c127311 _d127311 |
||